[Event "Oberliga NRW 8889 II"]
[Site "Germany"]
[Date "1989.??.??"]
[Round "5"]
[White "Hanf, Thomas"]
[Black "Kiefert, Rolf"]
[Result "0-1"]
[WhiteElo "1910"]
[BlackElo "1840"]
[PlyCount "100"]
[EventDate "1988.10.??"]
[EventType "team"]
[EventRounds "9"]
[EventCountry "GER"]
[SourceTitle "EXT 1997"]
[Source "ChessBase"]
[SourceDate "1996.11.15"]
[SourceVersion "1"]
[SourceVersionDate "1996.11.15"]
[SourceQuality "1"]
[WhiteTeam "Detmold"]
[BlackTeam "Frechen"]
[WhiteTeamCountry "GER"]
[BlackTeamCountry "GER"]

1. d4 Nf6 2. c4 e6 3. Nc3 Bb4 4. e3 c5 5. Bd3 d5 6. cxd5 exd5 7. Nge2 0-0 8. 0-0 cxd4 9. exd4 Nc6 10. Bf4 Be6 11. Rc1 Qd7 12. Na4 Rac8 13. Nc5 Bxc5 14. dxc5 h6 15. a3 Rfd8 16. b4 a6 17. Nc3 Bf5 18. Re1 Bxd3 19. Qxd3 Qg4 20. Bd6 d4 21. f3 Qh5 22. Na4 Nd5 23. Bg3 Qg5 24. Nb2 Ne3 25. Nc4 Nxc4 26. Rxc4 Re8 27. Rcc1 Re3 28. Rxe3 Qxe3+ 29. Qxe3 dxe3 30. Rd1 Re8 31. Rd3 g5 32. Kf1 f5 33. f4 Re4 34. Be1 Rxf4+ 35. Ke2 Re4 36. Rxe3 Nd4+ 37. Kd3 Rxe3+ 38. Kxe3 Nc2+ 39. Ke2 Nxe1 40. Kxe1 Kf7 41. a4 Ke6 42. b5 axb5 43. axb5 Kd5 44. c6 bxc6 45. bxc6 Kxc6 46. Ke2 Kd5 47. Kf3 Ke5 48. g4 f4 49. h3 Kd4 50. h4 Kd3 0-1

[Event "Oberliga NRW 8889 II"]
[Site "Germany"]
[Date "1989.??.??"]
[Round "5"]
[White "Hermaneck, Helmut"]
[Black "Kiefert, Rolf"]
[Result "0-1"]
[WhiteElo "1910"]
[BlackElo "1840"]
[PlyCount "102"]
[EventDate "1988.10.??"]
[EventType "team"]
[EventRounds "9"]
[EventCountry "GER"]
[SourceTitle "EXT 1997"]
[Source "ChessBase"]
[SourceDate "1996.11.15"]
[SourceVersion "1"]
[SourceVersionDate "1996.11.15"]
[SourceQuality "1"]
[WhiteTeam "Wuppertal II"]
[BlackTeam "Frechen"]
[WhiteTeamCountry "GER"]
[BlackTeamCountry "GER"]

1. c4 c5 2. Nc3 Nc6 3. g3 g6 4. Bg2 Bg7 5. Nf3 Nf6 6. 0-0 0-0 7. d4 cxd4 8. Nxd4 Nxd4 9. Qxd4 d6 10. Qd3 Rb8 11. Rd1 Bd7 12. Bf4 b6 13. Rac1 Nh5 14. Be3 Bf5 15. Qd2 Be6 16. Nd5 Qd7 17. Bd4 Rfc8 18. b3 Qe8 19. Bf3 Bxd4 20. Qxd4 Ng7 21. e4 Bxd5 22. cxd5 Rxc1 23. Rxc1 Rc8 24. Rc4 Qd7 25. Kg2 Ne8 26. e5 Rxc4 27. bxc4 Qc7 28. e6 f6 29. h4 Qc5 30. Qd3 Kg7 31. h5 f5 32. hxg6 hxg6 33. g4 fxg4 34. Be4 Nf6 35. Bxg6 Qc8 36. Bf7 Qh8 37. Qg6+ Kf8 38. Be8 Qg7 39. Qxg7+ Kxg7 40. Ba4 Kg6 41. f3 Kg5 42. Kf2 Kf4 43. fxg4 Nxg4+ 44. Ke2 Ke4 45. Bb5 Ne5 46. Kf2 Kd4 47. Kg3 Nxc4 48. Kf4 Kxd5 49. Bd7 Kc5 50. Kf5 d5 51. Kg6 Kd6 0-1

[Event "Oberliga NRW 8889 II"]
[Site "Germany"]
[Date "1988.??.??"]
[Round "5"]
[White "Reinartz, Georg"]
[Black "Kiefert, Rolf"]
[Result "1-0"]
[WhiteElo "2160"]
[BlackElo "1840"]
[PlyCount "45"]
[EventDate "1988.10.??"]
[EventType "team"]
[EventRounds "9"]
[EventCountry "GER"]
[SourceTitle "EXT 1997"]
[Source "ChessBase"]
[SourceDate "1996.11.15"]
[SourceVersion "1"]
[SourceVersionDate "1996.11.15"]
[SourceQuality "1"]
[WhiteTeam "Elberfeld"]
[BlackTeam "Frechen"]
[WhiteTeamCountry "GER"]
[BlackTeamCountry "GER"]

1. d4 Nf6 2. c4 e6 3. Nc3 Bb4 4. Bg5 h6 5. Bh4 c5 6. d5 g5 7. Bg3 Ne4 8. Qd3 Nxg3 9. hxg3 e5 10. d6 Qf6 11. Nf3 Nc6 12. 0-0-0 Bxc3 13. Qxc3 g4 14. Nh2 Rg8 15. f3 h5 16. e3 Qe6 17. Be2 f5 18. Nf1 Qg6 19. f4 e4 20. Rd5 b6 21. Bd1 Bb7 22. Ba4 Nb4 23. Qe5+ 1-0